000 00639nam a22002177a 4500
003 UA-OsUOA
001 66042
007 ta
008 20091217b un ||||| |||| 00| 0 ukr d
100 _aПахльовська О.
090 _a93
_bП21
942 _cSA
040 _aUA-OsUOA
_bukr
_cUA-OsUOA
_dUA-OsUOA
245 _aДемократія й посттоталітарні синдроми. 1789-1989: Від Бастилії до Берлінського муру
300 _aС.4
955 _a0
041 _aukr
080 _a93
773 0 _w66041
650 7 _a9 Географія. Біографії. Історія
_2UDC
999 _c351824
_d351824